000 00548nam a2200181Ia 4500
003 OSt
005 20240216093426.0
008 210210b1931 xxu||||| |||| 00| 0 eng d
040 _cAL
041 _aKannada
082 _a852/221
100 _aGURU BASAVAPPA FAKIRAPPA ಗುರು ಬಸವಪ್ಪಾ ಫಕೀರಪ್ಪಾ
_9151682
245 _aPrabhu Devara Vachanagalu
_b ಪ್ರಭು ದೇವರ ವಚನಗಳು
260 _aMangaluru
_b-
_c1931
690 _aKannada Prose
_9151683
906 _a018789
942 _2ddc
_cBK
999 _c142343
_d142343